00576nam a2200217Ia 4500008004100000020001800041050001700059050001400076100001900090245005100109245002100160250001600181260001600197260002200213260000900235300001600244300001100260500005100271650001900322650001700341180523s9999 xx 000 0 und d a81-7224-808-3 aMAIN HF 5383 b.F45 1996 aFein, Richard. 0aCover letters! Cover letters! Cover letters! / 0cby Richard Fein. a2nd Edition aNew Delhi : bJaico Publishing, c1996 a190 pages : c25 cm. aIncludes bibliographical references and index. aCover letters. xJob hunting.